Séries et films les plus vues de Netflix - Statistiques

Statistiques générales
  • Ce quiz a été pris 2 071 fois
  • Le résultat moyen est 3 sur 20
Statistiques - réponses
Numéro Films / Séries % Correct
Numéro 6 (Séries) Stranger Things 3
83%
Numéro 1 (Séries) Stranger Things 4
83%
Numéro 2 (Séries) Mercredi : Season 1
41%
Numéro 7 (Séries) Lucifer : Season 5
19%
Numéro 8 (Séries) The Witcher : Season 1
10%
Numéro 1 (Film) Red Notice
6%
Numéro 3 (Séries) DAHMER: Monster: The Jeffrey Dahmer Story
4%
Numéro 10 (Séries) 13 Reason Why : Season 2
3%
Numéro 3 (Film) Bird Box
3%
Numéro 2 (Film) Don't Look Up
2%
Numéro 5 (Séries) Bridgerton : Season 1
1%
Numéro 4 (Séries) Bridgeton : Season 2
1%
Numéro 4 (Film) Glass Onion : A Knive Out Mystery
1%
Numéro 8 (Film) Purple Hearts
1%
Numéro 5 (Film) The Gray Man
1%
Numéro 10 (Film) The Irishman
1%
Numéro 7 (Film) Extraction
0%
Numéro 9 (Séries) Inventing Anna: Limited Series
0%
Numéro 6 (Film) The Adam Project
0%
Numéro 9 (Film) The Unforgivable
0%
Aucun quiz correspondant
Distribution des résultats
% des personnes avec chaque résultat
Percentile par nombre de réponses
Votre historique - résultats
Vous n’avez pas pris ce quiz